Most Populous Cities in Central America with Exceptions - Statistics

General Stats
  • This quiz has been taken 44 times
  • The average score is 7 of 16
Answer Stats
Population Country City % Correct
994,938 Guatemala Guatemala City
100%
525,990 El Salvador San Salvador
98%
408,168 Panama Panama City
93%
973,087 Nicaragua Managua
90%
335,007 Costa Rica San Jose
90%
850,848 Honduras Tegucigalpa
90%
489,466 Honduras San Pedro Sula
45%
144,538 Nicaragua Leon
35%
161,880 El Salvador San Miguel
28%
176,661 El Salvador Santa Ana
20%
406,830 Guatemala Villa Nueva
13%
473,080 Guatemala Mixco
10%
321,501 Panama San Miguelito
10%
329,708 El Salvador Soyapango
10%
160,317 El Salvador Mejicanos
5%
141,455 Guatemala Petapa
0%
No matching quizzes found
Score Distribution
Percent of People with Each Score
Percentile by Number Answered
Your Score History
You have not taken this quiz